000 00670nam a2200205 a 4500
001 11059
003 CO-ViMGA
008 141112s2004 ck r 000 u spa d
020 _a9681611675
040 _aCO-ViMGA
_bspa
_cCO-ViMGA
082 0 4 _a193.5 T19h2
100 1 _aTaylor, Charles
_915292
245 1 0 _aHegel y la sociedad moderna
260 _aMexico,
_cFondo de cultura economica,
_c1983
300 _a340 p.
490 _aBrevarios del fondo nacional de cultura economica, 24
650 1 4 _aFILOSOFIA ALEMANA - ENSAYOS - CONFERENCIAS - ETC
_915293
650 1 4 _aHEGEL GEORGY WILHELM FRIEDRICH 1770 - 1831 - CRITICA E INTERPRETACION
_915294
942 _2ddc
_cBK
999 _c22274
_d22274